|
|
|
|
| LEADER |
01233nam a22002417a 4500 |
| 001 |
41334 |
| 003 |
BD-DhAAL |
| 008 |
230810t2014 bg ||||| |||| 00| 0 ben d |
| 020 |
|
|
|a 9789849016021
|
| 040 |
|
|
|a BD-DhAAL
|c BD-DhAAL
|
| 041 |
|
|
|a ben
|
| 082 |
|
|
|a 338.95492
|2 23
|
| 245 |
|
|
|a দূরদর্শী, মানবহিতৈষী, কর্মবীর ডাঃ মীর মোহাম্মদ আমজাদ হোসেন :
|b শ্রদ্ধা স্মারক /
|c খাজা তাজমহল সম্পাদিত.
|
| 260 |
|
|
|a ঢাকা :
|b ডাঃ রুবাইয়াত ফারজানা হোসেন,
|c ২০১৪.
|
| 300 |
|
|
|a ১০৭ পৃষ্ঠা :
|b চিত্র ;
|c ২৪ সে.মি.
|
| 541 |
|
|
|a Donated By Akbar Ali Khan
|e 41334
|
| 650 |
|
|
|a Entrepreneurship
|z Bangladesh.
|
| 650 |
|
|
|a Rural development
|z Bangladesh.
|
| 700 |
|
|
|a তাজমহল, খাজা.
|9 55313
|
| 852 |
|
|
|a Ayesha Abed Library
|c Akbar Ali Khan Collection
|
| 942 |
|
|
|2 ddc
|c BK
|
| 999 |
|
|
|c 46091
|d 46091
|
| 952 |
|
|
|0 0
|1 0
|2 ddc
|4 0
|6 338_954920000000000_DUR
|7 1
|9 74213
|a BRACUL
|b BRACUL
|c AAKC
|d 2023-08-10
|e Donated By Akbar Ali Khan
|g 150.00
|l 0
|o 338.95492 DUR
|p 3010041334
|r 2023-08-10
|t 1
|w 2023-08-10
|y BK
|